Hi ha un gall dins el piano, o, No compreu a ulls clucs / de Georges Feydeau
Descripción Física:
14 p. : il. ; 24 cm
Otros Autores:
Centre Dramàtic del Vallès
MARC
| LEADER | 00000nam a2200000Ia 4500 | ||
|---|---|---|---|
| 001 | 12780 | ||
| 008 | 160829s9999 xx 000 0 cat d | ||
| 080 | |a FU-14-77 | ||
| 100 | |a Feydeau, Georges |9 35110 | ||
| 245 | |a Hi ha un gall dins el piano, o, No compreu a ulls clucs / de Georges Feydeau | ||
| 260 | |a Barcelona : |b El Globus : |b Institut del Teatre : |b Centre Dramàtic del Vallès, DL 1982 | ||
| 300 | |a 14 p. : |b il. ; |c 24 cm | ||
| 700 | |a Centre Dramàtic del Vallès |9 35111 | ||
| 710 | 1 | |a Institut del Teatre (Barcelona, Catalunya) |9 52662 | |
| 901 | |a Arxiu | ||
| 942 | |n 1 | ||
| 952 | |0 0 |1 0 |4 0 |6 FU1477 |7 1 |9 46767 |a Arxiu |b Arxiu |d 2016-12-01 |l 0 |o FU-14-77 |p 12780 |r 2016-12-01 00:00:00 |w 2016-12-01 |y ARXIU | ||
| 999 | |c 50560 |d 50560 | ||